|
|
|
|
| LEADER |
00000nam0a2200000 4500 |
| 001 |
371396 |
| 005 |
20231102012356.0 |
| 035 |
|
|
|a (RuTPU)RU\TPU\retro\28806
|
| 090 |
|
|
|a 371396
|
| 100 |
|
|
|a 20221017d1978 k y0rusy50 ca
|
| 101 |
0 |
|
|a rus
|
| 102 |
|
|
|a RU
|
| 105 |
|
|
|a a z 001zy
|
| 200 |
1 |
|
|a Девонские ортоцероды. Надотряд Orthoceratoidea
|f Ф. А. Журавлева
|
| 210 |
|
|
|a Москва
|c Наука
|d 1978
|
| 215 |
|
|
|a 223 с.
|c ил.
|
| 225 |
1 |
|
|a Труды Палеонтологического института
|v Т. 168
|
| 320 |
|
|
|a Библиогр.: с. 173-180
|
| 606 |
1 |
|
|a Моллюски ископаемые
|2 stltpush
|3 (RuTPU)RU\TPU\subj\66870
|9 82879
|
| 610 |
1 |
|
|a девон
|
| 610 |
1 |
|
|a палеонтология
|
| 610 |
1 |
|
|a ископаемые виды
|
| 675 |
|
|
|a 564
|v 4
|
| 700 |
|
1 |
|a Журавлева
|b Ф. А.
|g Фаина Александровна
|
| 801 |
|
1 |
|a RU
|b 63413507
|c 20221017
|
| 942 |
|
|
|c BK
|